000 01065nam a22002777a 4500
008 130821s2002 mx a gr spa
020 _a324259948
020 _a9706864242
040 _aCo-BoUCM
_bspa
_c[Nuevo]
_dAldemar Mondragón (modificó)
041 0 0 _aspa
100 1 _aHellriegel, Don
_933331
245 1 0 _aAdministración un enfoque basado en competencias
_cDon Hellriegel, Susan E. Jackson; John W. Slocum ; traducción de José Luis Núñez Herrejón
250 _a10a Ed.
260 _aMéxico D.F. (México)
_bInternational Thomson Editores
_c2002
300 _axxviii, 540 páginas
_bilustraciones, cuadros, tablas
500 _aDonación Dr. Guillermo Galán.
650 0 4 _aAdministración
_98524
650 0 4 _aDirección
_913317
650 0 4 _aOrganización
_920847
700 1 _aJackson, Susan E.
_948284
700 1 _aNuñez Herrejón, José Luis
_943578
700 1 _aSlocum, John W.
_948285
765 _tManagement a competency-based approach
942 _cLIBRO
_a16
_e1
_mH476a
_2DEWEY
_h658.4
999 _c68432
_d68432